यौन-शिक्षा और यौन-स्वास्थ्य-शिक्षा तथा हमारी संस्कृति / (Record no. 47973)

MARC details
000 -LEADER
fixed length control field 01196nam a22002657a 4500
005 - DATE AND TIME OF LATEST TRANSACTION
control field 20100929122922.0
008 - FIXED-LENGTH DATA ELEMENTS--GENERAL INFORMATION
fixed length control field 100928t xxu||||| |||| 00| 0 hin d
010 ## - LCCN (DPL NO)
LC control number HIN-90673
020 ## - INTERNATIONAL STANDARD BOOK NUMBER
Terms of availability 150.00
International Standard Book Number 9788190183475
035 ## - SYSTEM CONTROL NUMBER
System control number HN-63019
037 ## - SOURCE OF ACQUISITION
Source of stock number/acquisition DBAD / PUB
040 ## - CATALOGING SOURCE
Original cataloging agency DPL
Language of cataloging HN
082 ## - DEWEY DECIMAL CLASSIFICATION NUMBER
Classification number 613.907
100 ## - MAIN ENTRY--PERSONAL NAME
Personal name नरेश कुमार
9 (RLIN) 22145
245 ## - TITLE STATEMENT
Title यौन-शिक्षा और यौन-स्वास्थ्य-शिक्षा तथा हमारी संस्कृति /
Statement of responsibility, etc नरेश कुमार
246 ## - VARYING FORM OF TITLE
Title proper/short title Yon-shiksha or yon-swasthya-shiksha tatha hamari sanskriti
Remainder of title by Naresh Kumar
260 ## - PUBLICATION, DISTRIBUTION, ETC. (IMPRINT)
Place of publication, distribution, etc दिल्ली
Name of publisher, distributor, etc ममता प्रकाशन
Date of publication, distribution, etc 2010
270 ## - ADDRESS
Address ई-5/13, लाजपतराय चौक, कृष्णनगर
City दिल्ली
Postal code 110051
300 ## - PHYSICAL DESCRIPTION
Extent 79पृ.
Dimensions 22सेमी (सजिल्द)
650 ## - SUBJECT ADDED ENTRY--TOPICAL TERM
9 (RLIN) 1169
700 ## - ADDED ENTRY--PERSONAL NAME
9 (RLIN) 22273
700 ## - ADDED ENTRY--PERSONAL NAME
9 (RLIN) 22352
942 ## - ADDED ENTRY ELEMENTS (KOHA)
Source of classification or shelving scheme Dewey Decimal Classification
Item type Hindi Books
Classification part 613.907
Call number suffix नरेश
Holdings
Withdrawn status Lost status Source of classification or shelving scheme Damaged status Not for loan Collection code Home library Current library Date acquired Source of acquisition Cost, normal purchase price Total Checkouts Full call number Barcode Date last seen Copy number Cost, replacement price Koha item type
    Dewey Decimal Classification   Not For Loan Non-fiction D.B.Act.Division D.B.Act.Division 29/09/2010 DBAD / PUB 150.00   613.907 नरेश HN-63019 29/09/2010 1 150.00 Hindi Books

© Delhi Public Library
Hit Counter
free hit counter